| 000 | 00390pab a2200145 454500 | ||
|---|---|---|---|
| 008 | 180718b1983 xxu||||| |||| 00| 0 eng d | ||
| 100 | _aTaylor, M. | ||
| 245 |
_aIntegration of theory with practice _bJargon, or a prescription for police training |
||
| 260 | _c1983 | ||
| 300 | _a311-18 | ||
| 362 | _aOct.-Dec. | ||
| 650 | _aTraining - Police | ||
| 773 | _aPolice Journal | ||
| 909 | _a19525 | ||
| 999 |
_c19525 _d19525 |
||